• 首页
  • 本馆介绍
  • 公告通知
  • 最新文献
  • 馆藏检索
  • 电子资源
  • 读者导购
  • 参考咨询
  • 我的图书馆
  • 登录
  • 详细信息显示
  • 放入我的书架
  • 预约/预借图书
  • 作者相关作品
  • 分类相关作品
  • 丛书相关作品
  • 出版社相关作品

书目信息

  • 表格格式
  • 工作单格式
  • 卡片格式
题名:
谈谈怎样学习中学化学
    
 
作者: ;北京市科学技术协会 编
分册:  
出版信息: 北京   北京出版社  1980
页数: 98页
开本: 19cm
丛书名:
单 册:
中图分类: G634.8 , G633.8
科图分类:
主题词: 化学--中学--教学参考资料
电子资源:
ISBN:
000 00859nam0 2200253 45
001 0180001542
005 20060808151621.37
010    @dCNY0.24
091    @a7071.646
100    @a19950525d1980 em y0chiy0121 ea
101 0  @achi
102    @aCN@b110000
105    @ay z 000yy
200 10 @a谈谈怎样学习中学化学@Atan tan zen yang xue xi zhong xue hua xue@e一九七九年北京市化学竞赛辅导报告@f北京市科学技术协会编
210    @a北京@c北京出版社@d1980
215    @a98页@d19cm
517 1  @a一九七九年北京市化学竞赛辅导报告@Ayi jiu qi jiu nian bei jing shi hua xue jing sai fu dao bao gao
606    @a化学@x中学@x教学参考资料
690    @aG634.8@v3
690    @aG633.8@v3
711 02 @a北京市科学技术协会@Abei jing shi ke xue ji shu xie hui@4编
801  0 @aCN@b上海图书馆@c20060808
801  2 @aCN@bNLC@c20060808
905    @dG633.8@e190@f2@b35389-390
    
    谈谈怎样学习中学化学:一九七九年北京市化学竞赛辅导报告/北京市科学技术协会编.-北京:北京出版社,1980
    98页;19cm
    
    
    ISBN :CNY0.24
    
●
相关链接 在E读中查询图书 在五车中查询图书 在当当中查询图书 在豆瓣中查询图书


正题名:谈谈怎样学习中学化学     索取号:G633.8/190         预约/预借

序号 登录号 条形码 馆藏地/架位号 状态 备注
1 0029212   000464358   第一样本阅览室/ [索取号:G633.8/190] 在馆    
2 0029213   000464349   密集书库/ [索取号:G633.8/190] 在馆    
3 0035389   000606348   密集书库/ [索取号:G633.8/190] 在馆    
4 0035390   000606339   密集书库/ [索取号:G633.8/190] 在馆    
5 0447293   204472935   密集书库/ [索取号:G633.8/190] 在馆    
6 0447383   204473836   密集书库/ [索取号:G633.8/190] 在馆    
唐山师范学院图书馆 欢迎您!
大连网信软件有限公司© 版权所有